Thế giới động vật

Sách gồm 24 chương giới thiệu về những điều kỳ diệu, hình thái, tự vệ và đấu tranh lẫn nhau... của động vật

محفوظ في:
التفاصيل البيبلوغرافية
المؤلف الرئيسي: Diêu, Đại Quân
التنسيق: كتاب
اللغة:Undetermined
منشور في: Thành phố Hồ Chí Minh Trẻ 2000
الموضوعات:
الوسوم: إضافة وسم
لا توجد وسوم, كن أول من يضع وسما على هذه التسجيلة!
Thư viện lưu trữ: Trung tâm Học liệu Trường Đại học Cần Thơ
LEADER 00764nam a2200205Ia 4500
001 CTU_36935
008 210402s9999 xx 000 0 und d
020 |c 56000 
082 |a 500 
082 |b Qu121t 
100 |a Diêu, Đại Quân 
245 0 |a Thế giới động vật 
245 0 |c Diêu Đại Quân; biên dịch Võ Mai Lý 
260 |a Thành phố Hồ Chí Minh 
260 |b Trẻ 
260 |c 2000 
520 |a Sách gồm 24 chương giới thiệu về những điều kỳ diệu, hình thái, tự vệ và đấu tranh lẫn nhau... của động vật 
650 |a Knowledge,Science,Zoology 
904 |i Trọng Hải 
980 |a Trung tâm Học liệu Trường Đại học Cần Thơ